Preddavky na daň z príjmov právnických osôb

Platenie preddavkov na daň z príjmov právnických osôb. Všeobecne o preddavkoch. Základné pravidlá platenia preddavkov na daň z príjmov. Platenie preddavkov u osobitných skupín daňovníkov. Daň za predchádzajúce zdaňovacie obdobie. Pravidlá na platenie preddavkov do lehoty na podanie priznania. Predda...

Description complète

Enregistré dans:
Détails bibliographiques
Auteur principal: Vlach, Emil
Format: Chapitre de livre
Langue:slovaque
Sujets:
Tags: Ajouter un tag
Pas de tags, Soyez le premier à ajouter un tag!

MARC

LEADER 00000naa a2200000 4500
001 r047720
005 20231003090107.4
041 0 |a slo 
044 |a SK 
245 1 0 |a Preddavky na daň z príjmov právnických osôb  |c Emil Vlach 
520 |a Platenie preddavkov na daň z príjmov právnických osôb. Všeobecne o preddavkoch. Základné pravidlá platenia preddavkov na daň z príjmov. Platenie preddavkov u osobitných skupín daňovníkov. Daň za predchádzajúce zdaňovacie obdobie. Pravidlá na platenie preddavkov do lehoty na podanie priznania. Preddavky a stála prevádzkareň. Vysporiadanie preddavkov. Ilustračné príklady. Pracovný list - preddavky na daň z príjmov právnických osôb. 
610 2 0 |a preddavky 
610 2 0 |a dane z príjmov 
610 2 0 |a osoby právnické 
100 1 |a Vlach, Emil